000 00347nam a22001457a 4500
999 _c529846
_d529846
003 NUST
020 _a9780751533408
_qP/B.
038 _awaseem
082 _a823.914
_bFYF
100 _aFyfield, Frances
_922772
245 _aLooking Down /
_cFrances Fyfield
260 _aU.K :
_bTime Warner Book,
_c2004.
300 _a306 p. ;
942 _2ddc
_cBK